The Catholic challenge to the American economy : reflections on the U.S. bishops' pastoral letter on Catholic social teaching and the U.S. economy /

Bibliographic Details
Other Authors: Gannon, Thomas M.
Format: Book
Language:English
Published: New York : London : Macmillan ; Collier Macmillan, [1987]
Subjects:

MARC

Tag First Indicator Second Indicator Subfields
LEADER 00000cam a2200000 a 4500
001 in00000009262
005 20151007051519.0
008 861021s1987 nyu b 00100 eng
010 |a  86028448  
020 |a 0029112605 (pbk.) 
035 |a (OCoLC)14691952 
035 |9 AAA3343AM 
040 |a DLC  |c DLC  |d m/c  |d OCL  |d TXA  |d UtOrBLW 
043 |a n-us--- 
049 |a TXAM  |c [A11027224] 
050 0 0 |a BX1795.E27  |b C37 1987 Suppl. 
082 0 |a 261.8/5/0973  |2 19 
245 0 4 |a The Catholic challenge to the American economy :  |b reflections on the U.S. bishops' pastoral letter on Catholic social teaching and the U.S. economy /  |c edited by Thomas M. Gannon. 
264 1 |a New York :  |b Macmillan ;  |a London :  |b Collier Macmillan,  |c [1987] 
264 4 |c ©1987 
300 |a v, 296 pages, 44 unnumbered pages ;  |c 25 cm. 
336 |a text  |b txt  |2 rdacontent 
337 |a unmediated  |b n  |2 rdamedia 
338 |a volume  |b nc  |2 rdacarrier 
500 |a "With the final text of the pastoral letter." 
504 |a Includes bibliographies and index. 
610 2 0 |a Catholic Church.  |b National Conference of Catholic Bishops.  |t Economic justice for all. 
650 0 |a Economics  |x Religious aspects  |x Catholic Church. 
650 0 |a Christian sociology  |x Catholic Church. 
651 0 |a United States  |x Economic conditions  |y 1981-2001. 
610 2 0 |a Catholic Church  |x Doctrines. 
700 1 |a Gannon, Thomas M. 
999 |a MARS 
999 f f |s 7a7f25b7-d375-36b7-b35e-631cd4cabe87  |i e04bce5b-1600-3ecb-b295-87435e454584  |t 0 
952 f f |p ric  |a Texas A&M University  |b Rellis Campus  |c Joint Library Facility  |d Remote Storage  |t 0  |e BX1795.E27 C37 1987 Suppl.  |h Library of Congress classification  |i unmediated -- volume  |m A14811027224 
998 f f |a BX1795.E27 C37 1987 Suppl.  |t 0  |l Remote Storage